Lineas de colectivos de Buenos Aires - Estadísticas

Estadísticas generales
  • Esta prueba ha sido intentada 67 veces
  • La puntuación promedio es 8 de 16
Estadísticas de respuestas
Recorrido Linea % Correcto
Liniers - Aduana 2
100%
Estación Morón - Primera Junta 1
98%
Constitución - Tigre - Escobar 60
70%
Olivos - La Boca 152
63%
C. Universitaria - Est. Rivadavia - Liniers - Pte. La Noria - Pte. Alsina - Retiro 28
57%
Quilmes - Retiro 22
52%
Est. Buenos Aires - Constitución - Panamericana - San Lorenzo 59
50%
Pte. La Noria - Liniers - Pte. Saavedra - Fca. Ford - Est. Tigre 21
48%
Barracas - Constitución - Est. Urquiza - Florida 133
43%
La Plata - Retiro 195
43%
Berazategui - Correo Central 159
41%
Correo Central - Longchamps 74
36%
Puente Saavedra - Moreno 203
34%
La Plata - San Isidro 338
34%
Chacarita - Pilar . Escobar - Jose C. Paz 176
30%
Luján - Saavedra - Lemos - José C. Paz - Curupa - Gral. Rodriguez 365
20%
No se encontraron pruebas coincidentes
Distribución de puntuación
Porcentaje de gente con cada puntuación
Porcentaje por número respondido
Historial de tus puntuaciones
No has intentado esta prueba.